Statistics for Antonyms Quiz #1

Click here to take the quiz!

General Stats

  • This quiz has been taken 144,274 times
    (120,020 since last reset)
  • The average score is 20 of 27

Answer Stats

Word Antonym % Correct
BlackWhite
99%
DayNight
97%
MaximumMinimum
96%
YinYang
96%
ExportImport
95%
MasculineFeminine
94%
PluralSingular
92%
DrunkSober
91%
SuffixPrefix
89%
OptimistPessimist
89%
AddSubtract
87%
AntonymSynonym
87%
AutomaticManual
86%
UrbanRural
83%
ProtagonistAntagonist
82%
SequelPrequel
80%
ImplicitExplicit
78%
TransparentOpaque
70%
DigitalAnalog
69%
FigurativeLiteral
65%
MicrocosmMacrocosm
58%
WaneWax
53%
PoetryProse
48%
AncestorDescendant
44%
OccidentalOriental
41%
NocturnalDiurnal
35%
ZenithNadir
25%

Score Distribution

Percentile by Number Answered

Percent of People with Each Score

Your Score History

You have not taken this quiz since the last reset